Skoki Narciarskie - Zdobywcy Podium z Niemiec (2020-) - Statystyki

Ogólne statystyki
  • Ten quiz został rozwiązany 96 razy
  • Średni wynik to 6 z 7
Statystyki odpowiedzi
Liczba podiów Lata aktywności Skoczek % Poprawnych
18 2012- Andreas Wellinger
100%
35 2012- Karl Geiger
97%
10 2013- Pius Paschke
87%
17 2011-2025 Markus Eisenbichler
85%
1 2019- Philipp Raimund
81%
5 2014-2025 Stephan Leyhe
64%
1 2016- Constantin Schmid
59%
Nie znaleziono quizów pasujących do podanych kryteriów
Rozkład punktacji
Procent ludzi z każdym wynikiem
Percentyl według liczby udzielonych odpowiedzi
Twoja historia wyników
Nie rozwiązałeś tego quizu